<?xml version="1.0" encoding="UTF-8"?><?xml-stylesheet type="text/xsl" href="static/style.xsl"?><OAI-PMH xmlns="http://www.openarchives.org/OAI/2.0/" xmlns:xsi="http://www.w3.org/2001/XMLSchema-instance" xsi:schemaLocation="http://www.openarchives.org/OAI/2.0/ http://www.openarchives.org/OAI/2.0/OAI-PMH.xsd"><responseDate>2026-04-14T05:35:58Z</responseDate><request verb="GetRecord" identifier="oai:www.recercat.cat:2445/179056" metadataPrefix="marc">https://recercat.cat/oai/request</request><GetRecord><record><header><identifier>oai:recercat.cat:2445/179056</identifier><datestamp>2025-11-20T14:11:25Z</datestamp><setSpec>com_2072_1057</setSpec><setSpec>col_2072_478917</setSpec><setSpec>col_2072_478927</setSpec><setSpec>col_2072_478929</setSpec></header><metadata><record xmlns="http://www.loc.gov/MARC21/slim" xmlns:dcterms="http://purl.org/dc/terms/" xmlns:xsi="http://www.w3.org/2001/XMLSchema-instance" xmlns:doc="http://www.lyncode.com/xoai" xsi:schemaLocation="http://www.loc.gov/MARC21/slim http://www.loc.gov/standards/marcxml/schema/MARC21slim.xsd">
   <leader>00925njm 22002777a 4500</leader>
   <datafield ind2=" " ind1=" " tag="042">
      <subfield code="a">dc</subfield>
   </datafield>
   <datafield ind2=" " ind1=" " tag="720">
      <subfield code="a">Roca Millan, Elisabet</subfield>
      <subfield code="e">author</subfield>
   </datafield>
   <datafield ind2=" " ind1=" " tag="720">
      <subfield code="a">Estrugo Devesa, Albert</subfield>
      <subfield code="e">author</subfield>
   </datafield>
   <datafield ind2=" " ind1=" " tag="720">
      <subfield code="a">Merlos, Alexandra</subfield>
      <subfield code="e">author</subfield>
   </datafield>
   <datafield ind2=" " ind1=" " tag="720">
      <subfield code="a">Jané Salas, Enric</subfield>
      <subfield code="e">author</subfield>
   </datafield>
   <datafield ind2=" " ind1=" " tag="720">
      <subfield code="a">Vinuesa Aumedes, Teresa</subfield>
      <subfield code="e">author</subfield>
   </datafield>
   <datafield ind2=" " ind1=" " tag="720">
      <subfield code="a">López López, José, 1958-</subfield>
      <subfield code="e">author</subfield>
   </datafield>
   <datafield ind2=" " ind1=" " tag="260">
      <subfield code="c">2021-07-14T08:51:44Z</subfield>
   </datafield>
   <datafield ind2=" " ind1=" " tag="260">
      <subfield code="c">2021-07-14T08:51:44Z</subfield>
   </datafield>
   <datafield ind2=" " ind1=" " tag="260">
      <subfield code="c">2021-06-10</subfield>
   </datafield>
   <datafield ind2=" " ind1=" " tag="260">
      <subfield code="c">2021-07-14T08:51:44Z</subfield>
   </datafield>
   <datafield ind2=" " ind1=" " tag="520">
      <subfield code="a">Systemic antibiotics are routinely prescribed in implant procedures, but the lack of consensus causes large differences between clinicians regarding antibiotic prophylaxis regimens. The objectives of this systematic review are to assess the need to prescribe antibiotics to prevent early implant failure and find the most appropriate antibiotic prophylaxis regimen. The electronic search was conducted in PubMed/MEDLINE, Scielo and Cochrane Central Trials Database for randomized clinical trials of at least 3 months of follow-up. Eleven studies were included in the qualitative analysis. Antibiotics were found to statistically significantly reduce early implant failures (RR = 0.30, 95% CI: 0.19-0.47, p &lt; 0.00001; heterogeneity I2 = 0%, p = 0.54). No differences were seen between preoperative or both pre- and postoperative antibiotic regimens (RR = 0.57, 95% CI: 0.21-1.55, p = 0.27; heterogeneity I2 = 0%, p = 0.37). A single preoperative antibiotic prophylaxis dose was found to be enough to significantly reduce early implant failures compared to no antibiotic (RR = 0.34, 95% CI: 0.21-0.53, p &lt; 0.00001; heterogeneity I2 = 0%, p = 0.61). In conclusion, in healthy patients a single antibiotic prophylaxis dose is indicated to prevent early implant failure.</subfield>
   </datafield>
   <datafield tag="653" ind2=" " ind1=" ">
      <subfield code="a">Antibiòtics</subfield>
   </datafield>
   <datafield tag="653" ind2=" " ind1=" ">
      <subfield code="a">Metaanàlisi</subfield>
   </datafield>
   <datafield tag="653" ind2=" " ind1=" ">
      <subfield code="a">Ressenyes sistemàtiques (Investigació mèdica)</subfield>
   </datafield>
   <datafield tag="653" ind2=" " ind1=" ">
      <subfield code="a">Antibiotics</subfield>
   </datafield>
   <datafield tag="653" ind2=" " ind1=" ">
      <subfield code="a">Meta-analysis</subfield>
   </datafield>
   <datafield tag="653" ind2=" " ind1=" ">
      <subfield code="a">Systematic reviews (Medical research)</subfield>
   </datafield>
   <datafield ind2="0" ind1="0" tag="245">
      <subfield code="a">Systemic antibiotic prophylaxis to reduce early implant failure: a systematic review and meta-analysis</subfield>
   </datafield>
</record></metadata></record></GetRecord></OAI-PMH>